LEADER 01218cam0-2200325 --450 001 9910296858203321 005 20190104123624.0 100 $a20190104d1967----km y0itay50 ba 101 0 $aita 102 $aIT 105 $a 101yy 200 1 $a2. Symposium sui trasporti rapidi di massa nelle aree metropolitane, TRM 2. Roma, 19-21 gennaio 1967$eAtti 210 $aRoma$c[s. n.]$d1967$eRoma$gStatimari 215 $a4 v.$d24 cm 300 $aIn testa al front.: CIFI, Collegio ingegneri ferroviari italiani 517 1 $aSecondo Symposium sui trasporti rapidi di massa nelle aree metropolitane 610 0 $aTrasporti urbani 676 $a388$v17 710 12$aSimposio sui trasporti rapidi di massa nelle aree metropolitane,$d2.$f<1967 ;$eRoma>$0761004 712 02$aCollegio ingegneri ferroviari italiani 801 0$aIT$bUNINA$gREICAT$2UNIMARC 901 $aBK 912 $a9910296858203321 952 $aCC11/8$b1814$fDINTR 952 $aCC11/9$b1814.2$fDINTR 952 $aCC11/10$b1814.3$fDINTR 952 $aCC11/11$b1814.4$fDINTR 959 $aDINTR 996 $a2. Symposium sui trasporti rapidi di massa nelle aree metropolitane, TRM 2. Roma, 19-21 gennaio 1967$91540509 997 $aUNINA LEADER 00828nam 2200253 450 001 9910839700603321 005 20240319094433.0 100 $a20240315d1977----u y0engy50 zz 101 0 $aita 102 $aIT 105 $a 000zy 200 1 $aStoria della filosofia e storia della cultura in G. Gentile$eil Capponi e la cultura toscana del sec. XIX$fFulvio Tessitore 210 $a[S l.]$cs.n.$d1977 215 $aP. 50-73$d19 cm 300 $aEstratto da "La cultura" anno XV, n.1 (1977) 676 $a831$v23$zita 700 1$aTessitore,$bFulvio$04713 801 0$aIT |b UNINA |g REICAT |2 UNIMARC 901 $aLG 912 $a9910839700603321 952 $aDFT OPUSC. 20 (06)$b2024/2157$fFLFBC 959 $aFLFBC 996 $aStoria della filosofia e storia della cultura in G. Gentile$94133747 997 $aUNINA